000 00245nam a2200109Ia 4500
008 190216s9999||||xx |||||||||||||| ||und||
100 _aWilliam Faulkner
245 0 _aAs I Lay Dying
260 _bPenguin Books
650 _aEnglish
942 _cBK
999 _c12700
_d12700